| 000 | 01595nam a2200409 i 4500 | ||
|---|---|---|---|
| 001 | DIGDJUST0077 | ||
| 003 | NyNyDIG | ||
| 006 | m o d | ||
| 007 | cr ||||||||||| | ||
| 008 | 240104s2020 ck a ob 000 0 spa d | ||
| 035 | _a(OCoLC)1419044118 | ||
| 040 |
_aDGITA _beng _erda _epn _cDGITA |
||
| 020 |
_a9789585597266 _qedición digital |
||
| 020 |
_z9789585597259 _qedición impresa |
||
| 043 | _as-ck--- | ||
| 050 | 1 | 4 | _aK3641 ebook |
| 100 | 1 |
_aFilomena, David, _eauthor. |
|
| 245 | 1 | 3 |
_aEl proceso penal : _bcartilla explicativa enfocada en las conductas relacionadas con los cultivos de uso ilícito / _cDavid Filomena. |
| 264 | 1 |
_aBogotá, D.C. : _bEditorial Dejusticia, _c[2020] |
|
| 300 |
_a1 online resource : _billustrations. |
||
| 336 |
_atext _btxt _2rdacontent |
||
| 337 |
_acomputer file _bc _2rdamedia |
||
| 338 |
_aonline resource _bcr _2rdacarrier |
||
| 347 |
_atext file _2rdaft |
||
| 347 | _bPDF | ||
| 504 | _aIncludes bibliographical references. | ||
| 588 | 0 | _aOnline resource; title from PDF title page (Digitalia, viewed January 4, 2024) | |
| 650 | 0 |
_aDrugs of abuse _xLaw and legislation. |
|
| 650 | 0 | _aCriminal procedure. | |
| 650 | 0 |
_aTransitional justice _zColombia. |
|
| 776 | 0 | 8 |
_iPrint version: _aFilomena, David. _tProceso penal. _dBogotá, D.C. : Editorial Dejusticia, [2020] _z9789585597259 |
| 791 | 2 |
_aDigitalia (Firm), _edistributor. |
|
| 793 | 0 |
_gDigitalia eBook Collection: _aEditorial Dejusticia |
|
| 856 | 4 | 0 |
_3Digitalia Hispánica _uhttps://www.digitaliapublishing.com/a/130717/ |
| 910 | _aPremium collection: 2024 | ||
| 942 | _cRAA | ||
| 999 |
_c281138 _d281138 |
||